Hệ thống thuỷ lực trên máy công nghiệp
Sách cung cấp các kiến thức cơ bản về hệthông thủy lực trên máy công nghiệp. Nội dung sách chia làm hai phần. Phần 1 Thủy lực, Điều khiển. Phần 2 Thủy động lực học
Saved in:
| Main Author: | |
|---|---|
| Format: | Book |
| Language: | Undetermined |
| Published: |
Hà Nội
Khoa học và Kỹ thuật
2009
|
| Subjects: | |
| Tags: |
Add Tag
No Tags, Be the first to tag this record!
|
| Institutions: | Trung tâm Học liệu Trường Đại học Cần Thơ |
|---|
| LEADER | 00900nam a2200217Ia 4500 | ||
|---|---|---|---|
| 001 | CTU_177461 | ||
| 008 | 210402s9999 xx 000 0 und d | ||
| 020 | |c 40000 | ||
| 082 | |a 621.2 | ||
| 082 | |b Tr300 | ||
| 100 | |a Nguyễn, Thành Trí | ||
| 245 | 0 | |a Hệ thống thuỷ lực trên máy công nghiệp | |
| 245 | 0 | |c Nguyễn Thành Trí | |
| 260 | |a Hà Nội | ||
| 260 | |b Khoa học và Kỹ thuật | ||
| 260 | |c 2009 | ||
| 520 | |a Sách cung cấp các kiến thức cơ bản về hệthông thủy lực trên máy công nghiệp. Nội dung sách chia làm hai phần. Phần 1 Thủy lực, Điều khiển. Phần 2 Thủy động lực học | ||
| 650 | |a Fluid mechanics,Fluid power technology,Water | ||
| 650 | |x power | ||
| 904 | |i Hiếu, H.Mai | ||
| 980 | |a Trung tâm Học liệu Trường Đại học Cần Thơ | ||